000 00464nas a2200169 4500
001 000037334
005 20200930080310.0
008 120328c20119999dr mr1p dd 0 0spa d
040 _aDO-SdBNP
_bspa
_cBNPHU
043 _anwdr
245 0 0 _aUna esperanza.
260 _aSanto Domingo :.
300 _av.- :
_bil. ;
_c29 cm.
310 _aMensual
362 1 _aAño 17. no. 4 (Diciembre 2011)
500 _aCatalogación basada en : Año 17. no. 4 (Diciembre 2011)
999 _c36824
_d36824